000 00328nam a22001337a 4500
008 180917b xxu||||| |||| 00| 0 eng d
020 _a9780135043943
041 _aeng
080 _24 ED
_a610.73
100 _a2
101 _aNUR
245 _aInformatics For Nurses Healthcare Profesionals
_cHebda.t
942 _2udc
_cBK
999 _c47856
_d47856